000 02640cam a22005654i 4500
003 PE-LiUPU
005 20250731165603.0
008 150625s2003 sp r 000 0 d
020 _a8448139518
035 _a(Sirsi) i9788448139513
040 _aPE-LiUPU
_bspa
_cPE-LiUPU
_erda
049 _aPRUA
082 0 4 _a001.64
_bH19 2003
082 0 4 _a001.64
_bH19
_221
100 1 _aHamacher, Carl,
_eautor.
245 1 0 _aOrganización de computadores /
_cCarl Hamacher, Zvonko Vranesic y Safwat Zaky.
250 _a5a
264 1 _aMadrid :
_bMcGraw-Hill/Interamericana de España,
_c2003.
300 _a804 páginas :
_bilustraciones ;
_c24 centímetros
336 _atext
_2rdacontent
337 _aunmediated
_2rdamedia
338 _avolume
_2rdacarrier
505 0 _aEstructura básica de los computadores -- Instrucciones máquina y programas -- Repertorios de instrucciones de ARM, Motorola e Intel -- Organización de entrada / salida -- El sistema de memoria -- Aritmética -- Unidades básicas de procesamiento -- Segmentación de cause -- Sistemas embebidos -- Periféricos -- Familias de procesadores -- Grandes sistemas de computadores -- Circuitos lógicos -- Repertorio de instrucciones ARM -- Repertorio de instrucciones del Motorola 68000 -- Repertorio de instrucciones Intel IA-32 -- Códigos de caracteres y conversión de números.
526 _aSEG44
526 _aSEG26
526 _aP151
526 _aP150
526 _aP149
526 _aP146
526 _aP145
526 _aP126
526 _aP125
526 _aP92
526 _aP75
526 _aP74
526 _aP27
526 _aP15
541 _g0030-004270;
650 0 4 _aArquitectura de computadoras.
700 1 _aVranesic, Zvonko,
_eautor.
700 1 _aZaky, Safwat,
_eautor.
942 _2ddc
_cBOOK
949 _a001.64 H19 2003
_wDEWEY
_c1
_iFJ02871
_lCCODEBUJ1
_mBUJ
_p20.00
_r0
_sY
_tBOOK
_u2016-10-13
_xINGENIERIA
_PP27
_0COMPRA
_o.STAFF. Colección General Juliaca
949 _a001.64 H19
_wDEWEY
_c1
_i58837
_lCCODEBUL1
_mBUL
_r0
_sY
_tBOOK
_u2015-6-25
_xINGENIERIA
_PP27
_0COMPRA
_o.STAFF. Colección General
994 _aC0
_bPEPRU
596 _a1 3
999 _a001.64 H19
_wDEWEY
_c47679
_i58837
_f2021-11-4
_g7
_lCCODEBUL1
_mBUL
_q1
_r0
_sY
_tBOOK
_u2015-6-25
_xBIBLIOTECA
_PP27
_0COMPRA
_o.STAFF. Colección General
_d47679
999 _a001.64 H19 2003
_wDEWEY
_c1
_iFJ02871
_f2021-12-27
_g4
_lCCODEBUJ1
_mBUJ
_p20.00
_r0
_sY
_tBOOK
_u2016-10-13
_xINGENIERIA
_PP27
_0COMPRA
_o.STAFF. Colección General Juliaca
980 _81
_gALBERTO SANCHEZ Responsable de Automatización